000 nam a22 7a 4500
999 _c8249
_d8249
008 171213b xxu||||| |||| 00| 0 eng d
100 _94673
_aDICKENS.C
245 _aOLIVER TWIST
260 _aNEW DELHI
_bHAR ANAND
_c2017